| 000 | 00732nam a2200205 i 4500 | ||
|---|---|---|---|
| 001 | 108248 | ||
| 003 | ES-MaACL | ||
| 005 | 20230906184616.0 | ||
| 007 | t| | ||
| 008 | 061121s1965 sp r ||||1| cat d | ||
| 100 | 1 |
_aMoll, Francesc de B. ( _d1903-1991) _982033 |
|
| 245 | 1 | 0 |
_aVocabulari mallorquí-castellà _b: amb inclusió de las paraules tipiques de Menorca i Eivissa / _cFrancesc de B. Moll. |
| 260 |
_aPalma de Mallorca : _bMoll, _c1965. |
||
| 300 |
_aXV, 327 p. ; _c24 cm. |
||
| 490 | 1 |
_aEls Treballs i els Dies ; _v3 |
|
| 650 | 4 |
_aLengua catalana- _zMallorca- _vDiccionarios- _xEspañol. _9167527 |
|
| 830 | 0 |
_aEls Treballs i els Dies ; _v3 _9232936 |
|
| 852 |
_aES-MaACL _jC-28574 _bR.57589 |
||
| 999 |
_c108248 _d108248 |
||